000 00184 a2200097 4500
020 _a9780794541491
041 _aeng
100 _aMackinnon, Mairi
245 _aDogs Diary
942 _cBK
999 _c31650
_d31648